Tierras marginales (Registro nro. 12047)

Detalles MARC
000 -LEADER
longitud fija campo de control 01868nam a22002897a 4500
003 - IDENTIFICADOR DE NUMERO DE CONTROL
control del campo AR-RoUNA
005 - FECHA DE LA ULTIMA MODIFICACION
control del campo 20250723093223.0
040 ## - ORIGEN DE LA CATALOGACION
Agencia que cataloga la obra original AR-RoUNA
Idioma en que se cataloga spa
Entidad que modifico el registro AR-RoUNA
041 ## - CODIGO DE IDIOMA
Codigo de idioma del texto / sonido o titulo separado spa
044 ## - CODIGO DE PAIS / ENTIDAD PRODUCTORA
Codigo MARC del pais ag
110 ## - ASIENTO PRINCIPAL - AUTOR INSTITUCIONAL
Nombre corporativo o de jurisdiccion como elemento de entrada UNESCO (Organización de las Naciones Unidas para la Educación, la Ciencia y la Cultura)
9 (RLIN) 27287
245 10 - TITULO PROPIAMENTE DICHO
Titulo Tierras marginales
Subtitulo : bibliografía disponibles en la oficina regional de Ciencia y Tecnología para América Latina y el Caribe.
260 ## - EDITORIAL - PUBLICACION, DISTRIBUCION, ETC. (Pie de imprenta)
Lugar de publicacion, distribucion, etc Montevideo (Uruguay):
Nombre del editor, distribuidor, etc Oficina Regional de Cienica y Tecnología de la Unesco para América Latina y el Caribe,
Fecha de publicacion 1989.
300 ## - DESCRIPCION FISICA
Extension 71 p.
Dimensiones 30x21 cm.
490 ## - MENCION DE SERIE
Titulo de la serie Programa sobre el Hombre y la Biosfera (MAB)
504 ## - NOTA DE BIBLIOGRAFIA
Nota de bibliografia, etc. La bibliografía sobre Tierras Marginales incluye 84 citas bibliográficas seleccionadas del material documental sobre Ecología que existe en el Centro de Documentación de la Oficina Regional de Ciencia y Tecnología de la UNESCO para América Latina y el Caribe. Cubre las siguientes áreas temáticas: utilización del suelo sobre las áreas de pastoreo, desarrollo rural, ecosistemas de zonas áridas y semiáridas, y ecosistemas de montañas y de tundras,que corresponden a los proyectos del MAB 3, 4 y 6 respectivamente. Incluye referencias bibliográficas de libros informes técnicos, conferencias, artículos de publicaciones periódicas, material audiovisual y mapas. Dichos documentos existen como ejemplares únicos en el Centro de Documentos.
505 0# - NOTA DE CONTENIDO CON FORMATO
Título INDICE
505 0# - NOTA DE CONTENIDO CON FORMATO
Título principal Listado bibliográfico ordenado alfabéticamente por autor.
505 0# - NOTA DE CONTENIDO CON FORMATO
Título principal Tierras marginales. Listado alfabético por título de conferencia.
505 0# - NOTA DE CONTENIDO CON FORMATO
Título principal Indice de autores.
650 #4 - MATERIA - TERMINO TEMATICO
Término temático general Tierras marginales
650 #4 - MATERIA - TERMINO TEMATICO
Término temático general Bibliografías
908 ## - SOPORTE
Soporte Imp
942 ## - FUENTE DE CLASIFICACION
Clasificacion Universal Decimal Classification
Tipo de item Libro
945 ## - INFORMACION DE PROCESAMIENTO
Fecha de ingreso o modificacion 2025-07-23
980 ## - DECLARACIÓN DE EQUIVALENCIA O SERIE DE REFERENCIA CRUZADA - NOMBRE / TÍTULO PERSONAL [LOCAL, CANADÁ]
Código del operador 5
Nombre del operador María Machado
Código del operador que modifico el registro 5
Nombre del operador que modifico el registro María Machado
Existencias
Estado retiro Estado perdido Sistema de clasificacion Estado general Biblioteca de origen Ubicacion actual Fecha de adquisicion Prestamos totales Proveedor Numero de ejemplar Tipo de elemento KOHA Nota no publica
Disponible Disponible udc No dañado Biblioteca CEAH Biblioteca CEAH 23/07/2025   CEAH-00175 ej. 1 Libro